CSI episodes Season 10 Quiz Stats

Quiz not verified by Sporcle

Challenge
Share
Tweet
Embed
Score 0/23 Timer 10:00
0 Plays Today
Episode number Episode Title % Correct
Episode 1Family Affair
90.8%
Episode 2Ghost Town
87.9%
Episode 23Meat Jekyll
83%
Episode 4Coup De Grace
80.9%
Episode 8Lover's Lane
80.9%
Episode 3Working Stiffs
78.7%
Episode 5Bloodsport
78.7%
Episode 22Doctor Who
78.7%
Episode 9Appendicitement
76.6%
Episode 6Death and the Maiden
75.2%
Episode 7The Lost Girl
73%
Episode 20Take My Life, Please
68.1%
Episode number Episode Title % Correct
Episode 16The Panty Sniffer
67.4%
Episode 18Field Mice
66.7%
Episode 15Neverland
65.2%
Episode 21Lost & Found
65.2%
Episode 14Unshockable
64.5%
Episode 19World's End
64.5%
Episode 11Sin City Blues
63.8%
Episode 10Better of Dead
63.1%
Episode 17Irradiator
63.1%
Episode 12Long Ball
59.6%
Episode 13Internal Combustion
53.2%

You're not logged in!

Compare scores with friends on all Sporcle quizzes.
Join for Free
OR
Log In

You Might Also Like...

Show Comments

Extras

Top Quizzes Today


Score Distribution

Your Account Isn't Verified!

In order to create a playlist on Sporcle, you need to verify the email address you used during registration. Go to your Sporcle Settings to finish the process.

Report this User

Report this user for behavior that violates our Community Guidelines.

Details: